000
00227nam a22000857a 4500
008
160915b xxu||||| |||| 00| 0 eng d
100
_9
534
_a
Bahuguna R
245
_a
Micro Economics-XII
260
_a
New Delhi
_b
Dhanpat publication
_c
2012
999
_c
3191
_d
3191